[Event "AUTO-ADV-4567"]
[Site "http://www.queenalice.com/game.php?id=1785407"]
[Date "2022.3.21"]
[Round "2"]
[White "Alex_ac"]
[Black "mennecy91"]
[Result "0-1"]
[WhiteElo "1822"]
[BlackElo "1972"]

1. d4 d5 2. h3 Nf6 3. Nf3 Bf5 4. e3 e6 5. a3 Nbd7 6. Nbd2 Bd6 7. c4 c6 8. c5 Bc7
9. Nh4 Bg6 10. Nxg6 hxg6 11. b4 Qe7 12. Bd3 O-O 13. g3 e5 14. Bb2 exd4 15. Bxd4
Ne5 16. Bc2 Rad8 17. f4 Nc4 18. Qe2 Nxd2 19. Qxd2 Ne4 20. Bxe4 Qxe4 21. O-O-O
Rfe8 22. Qf2 a5 23. Qb2 axb4 24. Qxb4 Rb8 25. Qc3 f6 26. Rh2 Qf3 27. Rg1 Kf7 28.
Kb2 Ra8 0-1

[Event "AUTO-ADV-4567"]
[Site "http://www.queenalice.com/game.php?id=1785408"]
[Date "2022.3.21"]
[Round "2"]
[White "Deo"]
[Black "Alex_ac"]
[Result "1-0"]
[WhiteElo "2360"]
[BlackElo "1859"]

1. e4 d6 2. d4 a6 3. Nc3 h6 4. Nf3 Nc6 5. d5 Ne5 6. Nxe5 dxe5 7. Be2 e6 8. O-O
Nf6 9. dxe6 Bxe6 10. a3 Bd6 11. Be3 Qd7 12. f3 Qe7 13. Qe1 Bc5 14. Qf2 Bxe3 15.
Qxe3 Nd7 16. Nd5 Bxd5 17. exd5 Qc5 18. Qxc5 1-0

[Event "AUTO-ADV-4567"]
[Site "http://www.queenalice.com/game.php?id=1785409"]
[Date "2022.3.21"]
[Round "2"]
[White "Alex_ac"]
[Black "Deo"]
[Result "0-1"]
[WhiteElo "2017"]
[BlackElo "2331"]

1. d4 Nf6 2. c4 g6 3. e3 Bg7 4. Nc3 O-O 5. e4 c5 6. e5 Ne8 7. h3 cxd4 8. Qxd4
Nc6 9. Qh4 Nb4 10. Qe4 d6 11. Nf3 Bf5 12. Qxb7 Nc2+ 13. Ke2 dxe5 14. Ne4 Nd6 15.
Nxd6 Qxd6 16. Qd5 Qxd5 17. cxd5 Nxa1 18. Ne1 Rfd8 19. g4 Be4 20. f3 Bxd5 21. b3
Rac8 22. Bb2 Nc2 23. Bg2 Nxe1 24. Kxe1 Rc2 25. Ba3 Rxg2 26. Bxe7 Rc8 0-1

[Event "AUTO-ADV-4553"]
[Site "http://www.queenalice.com/game.php?id=1786121"]
[Date "2022.4.1"]
[Round "2"]
[White "Scharlatan"]
[Black "Alex_ac"]
[Result "1-0"]
[WhiteElo "2195"]
[BlackElo "1893"]

1. e4 a6 2. d4 h6 3. f4 e6 4. Bd3 Nc6 5. c3 Be7 6. Nf3 Bh4+ 7. g3 Be7 8. O-O d6
9. Be3 Nf6 10. Qd2 Ng4 11. Na3 Nxe3 12. Qxe3 d5 13. Nc2 g5 14. f5 Bf6 15. e5 g4
16. fxe6 Bxe6 17. exf6 1-0

[Event "AUTO-ADV-4553"]
[Site "http://www.queenalice.com/game.php?id=1786122"]
[Date "2022.4.1"]
[Round "2"]
[White "Alex_ac"]
[Black "Scharlatan"]
[Result "0-1"]
[WhiteElo "1999"]
[BlackElo "2164"]

1. c4 f5 2. d4 Nf6 3. Nc3 d6 4. d5 e5 5. dxe6 Bxe6 6. e3 g6 7. h3 Bg7 8. Bd3 O-O
9. e4 Nxe4 10. Nxe4 fxe4 11. Bxe4 c6 12. Qa4 Qh4 13. Bd3 Qxf2+ 0-1

[Event "thbn"]
[Site "http://www.queenalice.com/game.php?id=1788129"]
[Date "2022.5.2"]
[Round "3"]
[White "Archer"]
[Black "Alex_ac"]
[Result "0-1"]
[WhiteElo "1790"]
[BlackElo "1997"]

1. e4 d6 2. d4 a6 3. Nc3 h6 4. Bc4 e6 5. Bf4 b5 6. Bb3 Bb7 7. a3 Be7 8. Qf3 Bg5
9. Bxg5 Qxg5 10. h4 Qe7 11. O-O-O Nf6 12. g4 g6 13. Nge2 Nbd7 14. Ng3 O-O-O 15.
Na2 a5 16. Nc3 c6 17. Rhe1 Kc7 18. d5 Ne5 19. Qe2 Nfxg4 20. f4 Qxh4 21. Rg1 Nd7
22. dxe6 Nc5 23. Ba2 Nf6 24. e5 Qxf4+ 25. Kb1 Qxe5 26. Qf2 fxe6 27. Rge1 Qg5 28.
Rg1 Nfd7 29. Nce2 Rhf8 30. Qh2 Qe5 31. Qxh6 Na4 32. c3 Rf2 33. Rde1 Nf8 34. Nd4
Rxb2+ 35. Ka1 Qc5 36. Qg7+ Kb8 37. Re2 Qxa3 38. Nxc6+ Bxc6 0-1

[Event "AUTO-MASTER-3078"]
[Site "http://www.queenalice.com/game.php?id=1789820"]
[Date "2022.5.29"]
[Round "2"]
[White "Artking"]
[Black "Alex_ac"]
[Result "1-0"]
[WhiteElo "2043"]
[BlackElo "2006"]

1. e4 a6 2. d4 h6 3. f4 e6 4. Nf3 d6 5. c4 Nf6 6. Nc3 Be7 7. e5 Nh7 8. Bd3 Bh4+
9. Nxh4 Qxh4+ 10. Kf1 Nc6 11. Be3 f5 12. d5 Ne7 13. Qf3 1-0

[Event "AUTO-MASTER-3078"]
[Site "http://www.queenalice.com/game.php?id=1789821"]
[Date "2022.5.29"]
[Round "2"]
[White "Alex_ac"]
[Black "Artking"]
[Result "0-1"]
[WhiteElo "1991"]
[BlackElo "2058"]

1. e3 c6 2. b4 e6 3. a3 Nf6 4. Bb2 d5 5. c4 Nbd7 6. h3 Be7 7. Nf3 O-O 8. d4 dxc4
9. Bxc4 b6 10. Qd3 Bb7 11. Nbd2 Qc7 12. e4 Rad8 0-1

[Event "AUTO-MASTER-3078"]
[Site "http://www.queenalice.com/game.php?id=1789828"]
[Date "2022.5.29"]
[Round "2"]
[White "Alex_ac"]
[Black "tariann"]
[Result "0-1"]
[WhiteElo "1857"]
[BlackElo "2290"]

1. d4 d5 2. e3 Nf6 3. h3 e6 4. a3 c5 5. Nf3 Nc6 6. Bb5 Be7 7. c4 O-O 8. Bxc6
bxc6 9. Nbd2 cxd4 10. exd4 c5 11. O-O Qc7 0-1

[Event "AUTO-MASTER-3078"]
[Site "http://www.queenalice.com/game.php?id=1789829"]
[Date "2022.5.29"]
[Round "2"]
[White "tariann"]
[Black "Alex_ac"]
[Result "1-0"]
[WhiteElo "2286"]
[BlackElo "1895"]

1. e4 a6 2. d4 e6 3. c4 h6 4. Nc3 d6 5. Nf3 Be7 6. Be2 Bg5 7. O-O Nc6 8. Re1 Qf6
9. d5 Ne5 10. Nxe5 Qxe5 11. dxe6 Bxe6 12. Nd5 O-O-O 13. f4 1-0

[Event "AUTO-MASTER-3067"]
[Site "http://www.queenalice.com/game.php?id=1790150"]
[Date "2022.6.4"]
[Round "2"]
[White "chessman"]
[Black "Alex_ac"]
[Result "1-0"]
[WhiteElo "1884"]
[BlackElo "1912"]

1. e4 a6 2. d4 e6 3. Nf3 h6 4. Bd3 Nc6 5. O-O Be7 6. Re1 d6 7. c3 Bg5 8. Na3 Qe7
9. Nc2 Bd7 10. c4 O-O-O 11. b3 Kb8 12. d5 1-0

[Event "AUTO-MASTER-3067"]
[Site "http://www.queenalice.com/game.php?id=1790151"]
[Date "2022.6.4"]
[Round "2"]
[White "Alex_ac"]
[Black "chessman"]
[Result "0-1"]
[WhiteElo "1959"]
[BlackElo "1877"]

1. d4 d5 2. h3 e6 3. a3 c5 4. e3 cxd4 5. Bb5+ Bd7 6. Bd3 dxe3 7. Bxe3 Nc6 8. b4
a6 9. Nf3 Nf6 10. O-O e5 11. Be2 Be7 12. Bc5 Bxc5 13. bxc5 Qa5 0-1

[Event "AUTO-MASTER-3067"]
[Site "http://www.queenalice.com/game.php?id=1790154"]
[Date "2022.6.4"]
[Round "2"]
[White "Alex_ac"]
[Black "Alexandrovinsk"]
[Result "0-1"]
[WhiteElo "1824"]
[BlackElo "2395"]

1. c4 Nf6 2. Nc3 e6 3. a3 d5 4. e3 c6 5. b4 dxc4 6. Bxc4 a5 7. b5 cxb5 8. Bxb5+
Bd7 9. Qa4 Bd6 10. Bxd7+ Nbxd7 0-1